| 000 | 01327aab a2200205 4500 | ||
|---|---|---|---|
| 001 | 768714001 | ||
| 003 | CO-MdFUSB | ||
| 005 | 20250726104044.0 | ||
| 008 | 250726t1992 ag ||||| |||| 00| 0 spa d | ||
| 040 |
_bspa _cCO-MdFUSB |
||
| 100 | 1 |
_aCamargo López, Jesús _eautor |
|
| 245 | 1 | 0 |
_aFe en Dios versus trabajo duro _c/ Jesús Camargo López , Carmen Pérez de Camargo |
| 300 |
_aVolumen 11, número 1 (enero - marzo, 1992), páginas: 26 - 27 _c; 27 cm |
||
| 520 | _aEl texto analiza la cultura del trabajo duro heredada de las sociedades rurales, donde el esfuerzo físico extremo es valorado como virtud principal. Esta mentalidad ha dejado consecuencias como el maltrato al cuerpo, la falta de compasión hacia los débiles y una visión amarga de la vida. En muchos casos, se transmite a los hijos una compulsión al esfuerzo o, por el contrario, un rechazo total al trabajo. Se critica el uso excesivo de la voluntad como única herramienta de mejora personal, y se propone una alternativa basada en la fe, el descanso espiritual y el gozo de la vida como un don de Dios. | ||
| 650 | 0 |
_aVida cristiana _919 |
|
| 700 | 1 |
_aPérez de Camargo, Carmen _eautor |
|
| 773 | 0 |
_tIglesia y Misión _049402 _959656 _gVolumen 11, número 1 (enero - marzo, 1992), páginas: 26 - 27 _qpáginas: 26 |
|
| 942 | _cANA | ||
| 945 | _aJTF-925 | ||
| 999 |
_c51953 _d51953 |
||